000 00635nam a2200229 i 4500
001 C2-0242162
003 PPAK
005 20180727204240.0
008 020915s1968 xxka|||| ||||| | eng d
040 _aPPAK
_beng
_cPPAK
_erda
082 0 4 _a823
_223
090 0 0 _a823
_bGOO
_dKSI
100 1 _aGoodall, F. G.,
_eauthor
245 1 4 _aThe story of radio
264 1 _aLoughborough :
_bWills & Hepworth ,
_c1968
300 _a50 pages :
_bcolour illustrations ;
_c18 cm
336 _2rdacontent
_atext
337 _2rdamedia
_aunmediated
338 _2rdacarrier
_avolume
650 1 0 _aChildren's stories, English
942 _ddc
_cB
999 _c56962
_d56962